<?xml version="1.0" encoding="UTF-8"?>
<record
    xmlns:xsi="http://www.w3.org/2001/XMLSchema-instance"
    xsi:schemaLocation="http://www.loc.gov/MARC21/slim http://www.loc.gov/standards/marcxml/schema/MARC21slim.xsd"
    xmlns="http://www.loc.gov/MARC21/slim">

  <leader>00395nam a22001337a 4500</leader>
  <controlfield tag="005">20150805150653.0</controlfield>
  <controlfield tag="008">150805b        xxu||||| |||| 00| 0 eng d</controlfield>
  <datafield tag="040" ind1=" " ind2=" ">
    <subfield code="c">PK-LaUMT</subfield>
  </datafield>
  <datafield tag="082" ind1=" " ind2=" ">
    <subfield code="a">KHC 297.7</subfield>
    <subfield code="b">MAJ-</subfield>
  </datafield>
  <datafield tag="245" ind1=" " ind2=" ">
    <subfield code="a">&#x645;&#x62C;&#x645;&#x648;&#x639;&#x6C1; &#x62E;&#x637;&#x628; &#x62F;&#x644;&#x67E;&#x632;&#x6CC;&#x631;</subfield>
    <subfield code="c">&#x645;&#x62D;&#x645;&#x62F; &#x62F;&#x644;&#x67E;&#x632;&#x6CC;&#x631; &#x62E;&#x644;&#x641; &#x627;&#x644;&#x631;&#x634;&#x6CC;&#x62F; (&#x645;&#x62A;&#x631;&#x62C;&#x645;</subfield>
  </datafield>
  <datafield tag="260" ind1=" " ind2=" ">
    <subfield code="a">&#x6AF;&#x62C;&#x631;&#x627;&#x62A;</subfield>
    <subfield code="b">&#x634;&#x648;&#x6A9;&#x62A; &#x628;&#x6A9;&#x688;&#x67E;&#x648;</subfield>
    <subfield code="c">[N.D]</subfield>
  </datafield>
  <datafield tag="300" ind1=" " ind2=" ">
    <subfield code="a">104 &#x635;</subfield>
  </datafield>
  <datafield tag="942" ind1=" " ind2=" ">
    <subfield code="c">BK</subfield>
  </datafield>
  <datafield tag="999" ind1=" " ind2=" ">
    <subfield code="c">73641</subfield>
    <subfield code="d">73641</subfield>
  </datafield>
  <datafield tag="952" ind1=" " ind2=" ">
    <subfield code="0">0</subfield>
    <subfield code="1">0</subfield>
    <subfield code="4">0</subfield>
    <subfield code="7">0</subfield>
    <subfield code="a">01</subfield>
    <subfield code="b">01</subfield>
    <subfield code="d">2015-08-05</subfield>
    <subfield code="l">0</subfield>
    <subfield code="o">KHC 297.7 MAJ-</subfield>
    <subfield code="p">68505</subfield>
    <subfield code="r">2015-08-05 00:00:00</subfield>
    <subfield code="w">2015-08-05</subfield>
    <subfield code="y">BK</subfield>
  </datafield>
</record>
